<?xml version="1.0" encoding="UTF-8"?>
<record
    xmlns:xsi="http://www.w3.org/2001/XMLSchema-instance"
    xsi:schemaLocation="http://www.loc.gov/MARC21/slim http://www.loc.gov/standards/marcxml/schema/MARC21slim.xsd"
    xmlns="http://www.loc.gov/MARC21/slim">

  <leader>00755nam a22002057a 4500</leader>
  <datafield tag="020" ind1=" " ind2=" ">
    <subfield code="a">9789692353113</subfield>
  </datafield>
  <datafield tag="040" ind1=" " ind2=" ">
    <subfield code="c">PK-NSHSNUST </subfield>
  </datafield>
  <datafield tag="082" ind1=" " ind2=" ">
    <subfield code="a">355.00924</subfield>
    <subfield code="b">KHA</subfield>
  </datafield>
  <datafield tag="100" ind1="3" ind2=" ">
    <subfield code="a">Khan, Lehrasab </subfield>
    <subfield code="9">125825</subfield>
  </datafield>
  <datafield tag="245" ind1="0" ind2=" ">
    <subfield code="a">From Jajja to Jajja : </subfield>
    <subfield code="b">journey of my life as narrated to my granddaughter Amina Nadeem /</subfield>
    <subfield code="c">Lt General Lehrasab Khan (Retd).</subfield>
  </datafield>
  <datafield tag="250" ind1=" " ind2=" ">
    <subfield code="a">First Edition.</subfield>
  </datafield>
  <datafield tag="260" ind1="3" ind2=" ">
    <subfield code="a">Rawalpindi:</subfield>
    <subfield code="b">Jajja Educational Complex,</subfield>
    <subfield code="c">2023.</subfield>
  </datafield>
  <datafield tag="300" ind1=" " ind2=" ">
    <subfield code="a">427 pages :</subfield>
    <subfield code="c">25 cm </subfield>
    <subfield code="b">ill. ;</subfield>
  </datafield>
  <datafield tag="546" ind1=" " ind2=" ">
    <subfield code="a">in English.</subfield>
  </datafield>
  <datafield tag="610" ind1="1" ind2="0">
    <subfield code="a">Pakistan </subfield>
    <subfield code="b">Army</subfield>
    <subfield code="v">Biography.</subfield>
    <subfield code="9">6758</subfield>
  </datafield>
  <datafield tag="650" ind1=" " ind2="0">
    <subfield code="a">Generals</subfield>
    <subfield code="x">Biography.</subfield>
    <subfield code="z">Pakistan</subfield>
    <subfield code="9">125839</subfield>
  </datafield>
  <datafield tag="700" ind1="1" ind2=" ">
    <subfield code="a">Lehrasab Khan </subfield>
    <subfield code="9">125826</subfield>
  </datafield>
  <datafield tag="942" ind1=" " ind2=" ">
    <subfield code="2">ddc</subfield>
    <subfield code="c">BK</subfield>
    <subfield code="e">1st Edition </subfield>
  </datafield>
  <datafield tag="999" ind1=" " ind2=" ">
    <subfield code="c">611493</subfield>
    <subfield code="d">611493</subfield>
  </datafield>
  <datafield tag="952" ind1=" " ind2=" ">
    <subfield code="0">0</subfield>
    <subfield code="1">0</subfield>
    <subfield code="2">ddc</subfield>
    <subfield code="4">0</subfield>
    <subfield code="7">0</subfield>
    <subfield code="a">NSHS</subfield>
    <subfield code="b">NSHS</subfield>
    <subfield code="c">GEN</subfield>
    <subfield code="d">2024-09-11</subfield>
    <subfield code="e">Donation </subfield>
    <subfield code="o">355.00924 KHA</subfield>
    <subfield code="p">NSHS-1778</subfield>
    <subfield code="r">2024-09-12</subfield>
    <subfield code="w">2024-09-12</subfield>
    <subfield code="y">BK</subfield>
  </datafield>
</record>
